000 00559nam a2200193Ia 4500
005 20250508151700.0
008 008 250505s9999 xx 000 0 eng d
037 _aTextual
040 _aFEDL
_beng
_cFEDL
041 _aeng
_2eng
084 _a016.0014, CIE
_qFEDL
100 _aPires E A Ed.
_9759733
245 0 _aStudies in education and psychology Vol. 1
260 _aDelhi, India
_bThe Central Institute of Education
300 _a39p.
650 _aBibliographies
942 _cTEXL
_h016.0014, CIE
999 _c1331409
_d1331409